| 000 | 00888nam a2200253 i 4500 | ||
|---|---|---|---|
| 001 | 38478 | ||
| 003 | ES-MaACL | ||
| 005 | 20230906155750.0 | ||
| 007 | t| | ||
| 008 | 030225s1970 sp |||| | spa d | ||
| 100 | 1 |
_aCalderón Escalada, José. _933620 |
|
| 245 | 1 | 0 |
_aObras escogidas / _cdel Duende de Campoo (seud.). |
| 260 |
_a[Santander : _bs.n., _c1970] |
||
| 300 |
_a3 v. ; _c21 cm. |
||
| 505 | 8 | _aContiene: T. I: A la sombra del abuelo. Por un portillo - T. II: Estampas campurrianas. Por los senderos de mi valle - T. III: Remigio. Monte arriba y monte abajo. ¡Cuando yo sea rico...! | |
| 740 | 0 | 2 | _aA la sombra del abuelo. |
| 740 | 0 | 2 | _aPor un portillo. |
| 740 | 0 | 2 | _aEstampas campurrianas. |
| 740 | 0 | 2 | _aPor los senderos de mi valle. |
| 740 | 0 | 2 | _aRemigio. |
| 740 | 0 | 2 | _aMonte arriba monte abajo. |
| 740 | 1 | 2 | _a¡Cuando yo sea rico...! |
| 852 |
_aES-MaACL _jP-1766 |
||
| 999 |
_c38478 _d38478 |
||